[Event "Rijeka Paris Memorial 40th"]
[Site "Rijeka"]
[Date "2019.10.20"]
[Round "4"]
[White "Derencinovic, Radoslav"]
[Black "Matijas, Zvonko"]
[Result "1/2-1/2"]
[WhiteElo "1864"]
[BlackElo "1600"]
[PlyCount "116"]
[EventDate "2019.10.18"]
[EventType "swiss"]
[EventRounds "9"]
[EventCountry "CRO"]
[SourceTitle "CBM 192 Extra"]
[Source "Chessbase"]
[SourceDate "2019.11.06"]
[SourceVersion "1"]
[SourceVersionDate "2019.11.06"]
[SourceQuality "1"]

1. Nf3 Nc6 2. d4 d5 3. g3 e5 4. dxe5 f6 5. exf6 Nxf6 6. Bg5 Be7 7. Bg2 0-0 8. 0-0 h6 9. Bxf6 Bxf6 10. c3 Ne7 11. Na3 c6 12. Qb3 Kh8 13. Rad1 Qc7 14. Nc2 Be6 15. Ncd4 Bg8 16. Bh3 Qd6 17. Qc2 c5 18. Nb5 Qb6 19. a4 a6 20. Na3 d4 21. cxd4 Bb3 22. Qxc5 Qxc5 23. dxc5 Bxd1 24. Rxd1 Bxb2 25. Nc4 Bf6 26. Nb6 Rad8 27. Nd7 Nc6 28. Rb1 Rfe8 29. Rxb7 Rxe2 30. Rb6 Nd4 31. Nxf6 Nxf3+ 32. Kg2 Ng5 33. Bg4 Rc2 34. Nd7 Ne4 35. Kf3 Nxc5 36. Nxc5 Rxc5 37. Rxa6 Rf8+ 38. Ke3 h5 39. Be6 Rc3+ 40. Kd4 Rcf3 41. Ra5 g6 42. Bd5 Rxf2 43. h4 Rb2 44. Rb5 Rd2+ 45. Kc3 Re2 46. Kd3 Re7 47. a5 Rd7 48. a6 Rf3+ 49. Ke4 Rxg3 50. Rb7 Rg4+ 51. Ke5 Rxb7 52. axb7 Rb4 53. Kd6 Kg7 54. Kc5 Rb2 55. Bc6 Rxb7 56. Bxb7 Kf6 57. Bc8 Ke5 58. Bd7 Kf4 1/2-1/2